Una Teoría de la inteligencia

محفوظ في:
التفاصيل البيبلوغرافية
المؤلف الرئيسي: Vial Larraíz, Juan de Dios
التنسيق: كتاب
اللغة:Undetermined
منشور في: Santiago, Chile Universidad de Chile 1992
الموضوعات:
الوسوم: إضافة وسم
لا توجد وسوم, كن أول من يضع وسما على هذه التسجيلة!

MARC

LEADER 00000nam a2200000Ia 4500
008 170316s9999 xx 000 0 und d
090 |a 100 V-11u 
100 |a Vial Larraíz, Juan de Dios 
245 |a Una Teoría de la inteligencia 
260 |a Santiago, Chile 
260 |b Universidad de Chile 
260 |c 1992 
300 |a 96 páginas 
650 |a FILOSOFÍA 
650 |a EPISTEMOLOGÍA 
999 |c 17829  |d 17829 
040 |a cru BVZT 
942 |c 15 D  |h 100 V-11u  |2 z